[Event "2nd GMA World Cup prel  #3"]
[Site "Palma de Mallorca"]
[Date "1989.??.??"]
[Round "1"]
[White "Hernandez Onna, Roman"]
[Black "Hodgson, Julian Michael"]
[Result "0-1"]
[WhiteElo "2450"]
[BlackElo "2535"]
[EventDate "1989.12.??"]
[PlyCount "130"]

1.c4 e5 2.Nc3 Bb4 3.Nf3 Bxc3 4.dxc3 Nc6 5.e4 Nge7 6.c5 b6 7.cxb6 axb6 8.
Bc4 h6 9.b4 O-O 10.Be3 d6 11.O-O Ra3 12.Qc1 Ra8 13.Bxh6 Ng6 14.Bd5 Bd7 15.
Bg5 Qe8 16.Nh4 Nxh4 17.Bxh4 Be6 18.a4 f6 19.Qd1 Kh8 20.f3 Bxd5 21.Qxd5 Ne7
22.Qe6 Ng6 23.Qxe8 Rfxe8 24.Bf2 Nf4 25.Ra2 Ra6 26.g3 Ne6 27.a5 Kg8 28.Rfa1
b5 29.Rd1 Kf7 30.Rc2 Rc6 31.c4 Rxc4 32.Rxc4 bxc4 33.Rc1 Ra8 34.Rxc4 c5 35.
Be1 Ke7 36.b5 Kd7 37.b6 Kc6 38.Kf2 Nd4 39.Rc1 Nb3 40.Rb1 c4 41.Rb2 Kb7 42.
Ra2 Ka6 43.Bc3 Nc5 44.Ke3 Rd8 45.Rd2 Nd3 46.f4 g5 47.fxg5 fxg5 48.h4 g4 
49.h5 Rf8 50.Rg2 Rf3+ 51.Ke2 Nc5 52.h6 Nxe4 53.Be1 Rf7 54.Rh2 Rh7 55.Rh4 
Nf6 56.Bb4 d5 57.Bf8 d4 58.Bg7 d3+ 59.Ke1 Ne4 60.Bxe5 d2+ 61.Ke2 Rd7 62.
Rh1 c3 63.b7 c2 64.b8=N+ Kb5 65.Nxd7 c1=Q 0-1

[Event "2nd GMA World Cup prel  #3"]
[Site "Palma de Mallorca"]
[Date "1989.??.??"]
[Round "1"]
[White "Velimirovic, Dragoljub"]
[Black "Radulov, Ivan"]
[Result "1-0"]
[WhiteElo "2535"]
[BlackElo "2450"]
[EventDate "1989.12.??"]
[PlyCount "78"]

1.e4 e5 2.Nf3 Nc6 3.Bb5 g6 4.O-O Bg7 5.d4 exd4 6.c3 Nge7 7.cxd4 d5 8.exd5 
Nxd5 9.Re1+ Be6 10.Bg5 Qd6 11.Nbd2 O-O 12.Ne4 Qb4 13.Bxc6 bxc6 14.Qc1 Rfe8
15.Bh6 Bf5 16.Bxg7 Bxe4 17.a3 Qb6 18.Rxe4 Rxe4 19.Be5 f6 20.Qc2 fxe5 21.
Qxe4 Qxb2 22.Re1 Qxa3 23.dxe5 Rb8 24.Qg4 Qe7 25.h3 Rf8 26.Qc4 Qe6 27.Re4 
Qf5 28.Kh2 Kg7 29.Nd4 Qd7 30.Nxc6 Nb6 31.Qc2 Qd5 32.f4 g5 33.fxg5 Re8 34.
Rh4 Qg8 35.Nd4 Nd5 36.e6 Kh8 37.g6 Qf8 38.Qe4 Qd6+ 39.g3 Nf6 1-0

[Event "2nd GMA World Cup prel  #3"]
[Site "Palma de Mallorca"]
[Date "1989.??.??"]
[Round "1"]
[White "Smagin, Sergei"]
[Black "Yakovich, Yury"]
[Result "1/2-1/2"]
[WhiteElo "2535"]
[BlackElo "2450"]
[EventDate "1989.12.??"]
[PlyCount "96"]

1.e4 c5 2.Nf3 Nc6 3.d4 cxd4 4.Nxd4 Nf6 5.Nc3 e5 6.Ndb5 d6 7.Bg5 a6 8.Na3 
b5 9.Bxf6 gxf6 10.Nd5 f5 11.exf5 Bxf5 12.c3 Bg7 13.Nc2 Be6 14.g3 O-O 15.
Bg2 Rb8 16.O-O a5 17.a3 Qd7 18.Qd2 Kh8 19.Rad1 f5 20.Rfe1 Rfd8 21.Qg5 Qf7 
22.Nf4 exf4 23.Bxc6 fxg3 24.hxg3 f4 25.Bd5 fxg3 26.fxg3 Bxd5 27.Qxd5 Qxd5 
28.Rxd5 Be5 29.Kg2 Rg8 30.Re3 Rg4 31.Nd4 Rbg8 32.Nf5 R4g5 33.Rf3 Rf8 34.
Nd4 Rfg8 35.Ne2 Rb8 36.Rf7 Rg7 37.Rxg7 Kxg7 38.Nd4 b4 39.cxb4 axb4 40.Nc6 
Rc8 41.Nxe5 dxe5 42.axb4 Rc2+ 43.Kf3 Rxb2 44.b5 Kf6 45.Rd6+ Kf5 46.g4+ Kg5
47.Rd5 Rb3+ 48.Ke4 Kxg4 1/2-1/2

[Event "2nd GMA World Cup prel  #3"]
[Site "Palma de Mallorca"]
[Date "1989.??.??"]
[Round "1"]
[White "Tseitlin, Mikhail"]
[Black "Larsen, Bent"]
[Result "1/2-1/2"]
[WhiteElo "2445"]
[BlackElo "2530"]
[EventDate "1989.12.??"]
[PlyCount "96"]

1.e4 c5 2.Nf3 Nc6 3.Bb5 e6 4.O-O Nge7 5.Re1 a6 6.Bxc6 Nxc6 7.d4 cxd4 8.
Nxd4 Be7 9.Nxc6 bxc6 10.Qg4 g6 11.Bh6 Qa5 12.Nd2 Qh5 13.Qxh5 gxh5 14.e5 
Rg8 15.Rad1 c5 16.Ne4 Bb7 17.f3 Rg6 18.Bc1 h4 19.Kf2 O-O-O 20.Nd6+ Bxd6 
21.Rxd6 Rdg8 22.Rg1 f6 23.Bf4 fxe5 24.Bxe5 Rg5 25.Bf6 Rh5 26.h3 Rf8 27.Bg7
Rg8 28.Bf6 Bc6 29.c4 Rf8 30.Bg7 Rf4 31.b3 Rf7 32.Bc3 e5 33.Re1 e4 34.Rxc6+
dxc6 35.Rxe4 Rd7 36.Ba5 Kb7 37.Rg4 Rh6 38.Re4 Rg7 39.Bc3 Rf7 40.Re5 Kb6 
41.Bd2 Rg6 42.Be3 Rfg7 43.Bxc5+ Kc7 44.Re7+ Kd8 45.Rxg7 Rxg7 46.Kf1 Rd7 
47.Ke2 Rg7 48.Kf1 Rd7 1/2-1/2

[Event "2nd GMA World Cup prel  #3"]
[Site "Palma de Mallorca"]
[Date "1989.??.??"]
[Round "1"]
[White "Lerner, Konstantin"]
[Black "Klaric, Zlatko"]
[Result "0-1"]
[WhiteElo "2530"]
[BlackElo "2445"]
[EventDate "1989.12.??"]
[PlyCount "64"]

1.d4 d5 2.c4 Bf5 3.cxd5 Bxb1 4.Qa4+ c6 5.Rxb1 Qxd5 6.e3 Nd7 7.Ne2 Nb6 8.
Qc2 e5 9.Nc3 Qe6 10.dxe5 Qxe5 11.Be2 f5 12.O-O Nf6 13.b4 Bd6 14.f4 Qe6 15.
Bd3 g6 16.e4 fxe4 17.Nxe4 Nxe4 18.Bxe4 O-O 19.Bb2 Nc4 20.f5 gxf5 21.Bxf5 
Qe3+ 22.Kh1 Nxb2 23.Rf3 Qe7 24.Qxb2 Qe5 25.Bxh7+ Kxh7 26.Qc2+ Kg7 27.Rg3+ 
Kf7 28.Qd2 Rad8 29.Rf3+ Kg7 30.Rh3 Rf4 31.Qd3 Rh8 32.Rf1 Rxh3 0-1

[Event "2nd GMA World Cup prel  #3"]
[Site "Palma de Mallorca"]
[Date "1989.??.??"]
[Round "1"]
[White "Lukov, Valentin"]
[Black "Dlugy, Maxim"]
[Result "0-1"]
[WhiteElo "2435"]
[BlackElo "2530"]
[EventDate "1989.12.??"]
[PlyCount "96"]

1.d4 d5 2.c4 dxc4 3.e3 e6 4.Bxc4 c5 5.Nf3 a6 6.O-O Nf6 7.Qe2 b5 8.Bb3 Bb7 
9.Rd1 Be7 10.a4 Nbd7 11.dxc5 Bxc5 12.Ne5 b4 13.a5 Qc7 14.Nxd7 Nxd7 15.Ba4 
O-O-O 16.Nd2 Ne5 17.Nf1 Rxd1 18.Bxd1 Qc6 19.f3 Rd8 20.Bc2 Qd5 21.b3 Nd3 
22.Bd2 Nf4 23.Qf2 Qg5 24.Kh1 Nxg2 25.Qxg2 Qf6 26.Rc1 Bxf3 27.Be4 Bxg2+ 28.
Bxg2 Kb8 29.Rxc5 Qf2 30.Rc4 Rd7 31.Rxb4+ Kc8 32.Rf4 Rxd2 33.Rc4+ Kd8 34.
Nxd2 Qxe3 35.Rc2 Qd4 36.Nf1 Qb4 37.Rc6 Qxa5 38.h3 g5 39.Ng3 Qe1+ 40.Kh2 
Qe5 41.Rc4 f5 42.Bf1 Qb2+ 43.Ne2 f4 44.Re4 f3 45.Rxe6 Qxb3 46.Rxa6 Qe3 47.
Ng3 Qf2+ 48.Kh1 Qxg3 0-1

[Event "2nd GMA World Cup prel  #3"]
[Site "Palma de Mallorca"]
[Date "1989.??.??"]
[Round "1"]
[White "Ochoa de Echaguen, Javier"]
[Black "Csom, Istvan"]
[Result "0-1"]
[WhiteElo "2435"]
[BlackElo "2530"]
[EventDate "1989.12.??"]
[PlyCount "78"]

1.e4 c5 2.Nc3 Nc6 3.Nf3 d6 4.d4 cxd4 5.Nxd4 Nf6 6.Bg5 e6 7.Qd2 a6 8.O-O-O 
h6 9.Bf4 Bd7 10.Nxc6 Bxc6 11.Bxd6 Qxd6 12.Qxd6 Bxd6 13.Rxd6 Bxe4 14.Rd4 
Bc6 15.f3 Ke7 16.Bc4 Rad8 17.Rhd1 Rxd4 18.Rxd4 g5 19.Be2 Nd7 20.Kd1 f5 21.
Ke1 Rc8 22.Nd1 b5 23.a4 bxa4 24.Bxa6 Ra8 25.Be2 a3 26.bxa3 Rxa3 27.Rb4 Ra1
28.Kd2 Ne5 29.Kc3 Ng6 30.Kb2 Ra5 31.Kc1 h5 32.g3 Ra1+ 33.Kb2 Ra7 34.Kc1 
Ra3 35.Rb3 Rxb3 36.cxb3 Ne5 37.f4 gxf4 38.gxf4 Ng6 39.Bxh5 Nxf4 0-1

[Event "2nd GMA World Cup prel  #3"]
[Site "Palma de Mallorca"]
[Date "1989.??.??"]
[Round "1"]
[White "Todorcevic, Miodrag"]
[Black "Mednis, Edmar"]
[Result "1-0"]
[WhiteElo "2530"]
[BlackElo "2430"]
[EventDate "1989.12.??"]
[PlyCount "67"]

1.g3 g6 2.Bg2 Bg7 3.e4 c5 4.d3 Nc6 5.c3 e5 6.a3 Nge7 7.b4 d6 8.Nf3 O-O 9.
O-O b6 10.Nbd2 Be6 11.Bb2 h6 12.Re1 Qd7 13.Rb1 Rad8 14.b5 Na5 15.a4 f5 16.
d4 fxe4 17.Nxe4 Bb3 18.Qc1 Bxa4 19.dxe5 dxe5 20.c4 Qd3 21.Nxe5 Qc2 22.Bh3 
Qxc1 23.Rbxc1 Nb3 24.Rb1 Nd4 25.Bxd4 Rxd4 26.Nc3 Bc2 27.Ra1 Bf5 28.Bxf5 
Nxf5 29.Rxa7 Re8 30.f4 Rxc4 31.Nd5 Rc2 32.Rea1 Nd4 33.Rxg7+ Kxg7 34.Ra7+ 
1-0

[Event "2nd GMA World Cup prel  #3"]
[Site "Palma de Mallorca"]
[Date "1989.??.??"]
[Round "1"]
[White "Donaldson-Akhmilovskaya, Elena"]
[Black "Ubilava, Elizbar"]
[Result "1/2-1/2"]
[WhiteElo "2430"]
[BlackElo "2525"]
[EventDate "1989.12.??"]
[PlyCount "69"]

1.d4 Nf6 2.c4 g6 3.Nc3 Bg7 4.e4 d6 5.Nf3 O-O 6.Be2 e5 7.O-O Nc6 8.d5 Ne7 
9.b4 a5 10.bxa5 c5 11.dxc6 bxc6 12.Rb1 Rxa5 13.a4 c5 14.Bg5 Be6 15.Nd2 h6 
16.Bxf6 Bxf6 17.Bg4 Bxg4 18.Qxg4 h5 19.Qe2 Ra7 20.Rb2 Nc6 21.Rfb1 Qd7 22.
Nf1 Bg5 23.Ne3 Bxe3 24.fxe3 Nb4 25.Rd2 Qe7 26.Rbd1 Rd8 27.h3 Kg7 28.Kh2 
Ra6 29.Rf1 Qg5 30.Qf3 Rf8 31.Rfd1 Qe7 32.Nb5 Rd8 33.Nc3 Rf8 34.Nb5 Rd8 35.
Nc3 1/2-1/2

[Event "2nd GMA World Cup prel  #3"]
[Site "Palma de Mallorca"]
[Date "1989.??.??"]
[Round "1"]
[White "Rashkovsky, Nukhim"]
[Black "Bilek, Istvan"]
[Result "1-0"]
[WhiteElo "2520"]
[BlackElo "2420"]
[EventDate "1989.12.??"]
[PlyCount "81"]

1.d4 g6 2.c4 Bg7 3.Nc3 d6 4.Nf3 Bg4 5.g3 Nf6 6.Bg2 O-O 7.O-O Qc8 8.Bg5 h6 
9.Bxf6 exf6 10.b4 Re8 11.c5 Qd7 12.Qb3 Nc6 13.b5 Na5 14.Qb4 b6 15.c6 Qd8 
16.h3 Be6 17.d5 Bc8 18.Nd4 f5 19.Rad1 a6 20.a4 axb5 21.axb5 h5 22.Nf3 Qf6 
23.Rd3 Bh6 24.e3 Bg7 25.h4 Re4 26.Nd4 Re8 27.Nce2 Kf8 28.Ra3 Kg8 29.Rfa1 
Qe7 30.R1a2 Rb8 31.Nb3 Nxb3 32.Qxb3 f4 33.Nxf4 Bf5 34.Ra7 Bh6 35.R2a4 Rbc8
36.Qc3 Bg7 37.Qd2 Bh6 38.e4 Bg4 39.f3 g5 40.hxg5 Bxg5 41.fxg4 1-0

[Event "2nd GMA World Cup prel  #3"]
[Site "Palma de Mallorca"]
[Date "1989.??.??"]
[Round "1"]
[White "Krasenkov, Mikhail"]
[Black "Westerinen, Heikki"]
[Result "1-0"]
[WhiteElo "2505"]
[BlackElo "2435"]
[EventDate "1989.12.??"]
[PlyCount "47"]

1.d4 d5 2.c4 dxc4 3.Nf3 a6 4.e4 b5 5.a4 Bb7 6.axb5 axb5 7.Rxa8 Bxa8 8.Nc3 
e6 9.Nxb5 Bxe4 10.Bxc4 Bb4+ 11.Nc3 Nc6 12.O-O Bxf3 13.Qxf3 Nxd4 14.Qb7 Bd6
15.Rd1 Nf5 16.g4 Nh4 17.Bb5+ Kf8 18.Bg5 f6 19.Bxh4 h5 20.Bg3 e5 21.gxh5 
Rxh5 22.Ne4 g6 23.Nxd6 cxd6 24.Ra1 1-0

[Event "2nd GMA World Cup prel  #3"]
[Site "Palma de Mallorca"]
[Date "1989.??.??"]
[Round "1"]
[White "Sorokin, Maxim"]
[Black "Arnason, Jon"]
[Result "1/2-1/2"]
[WhiteElo "2420"]
[BlackElo "2520"]
[EventDate "1989.12.??"]
[PlyCount "43"]

1.c4 c5 2.Nf3 Nc6 3.Nc3 e5 4.g3 g6 5.Bg2 Bg7 6.d3 Nge7 7.h4 h6 8.Bd2 d6 9.
Rb1 Be6 10.a3 a5 11.e4 f5 12.Nd5 Rb8 13.b4 axb4 14.axb4 cxb4 15.Be3 b5 16.
Nd2 O-O 17.cxb5 Rxb5 18.Qa4 Qb8 19.Nc4 fxe4 20.dxe4 Rb7 21.O-O Bd7 22.Qa6 
1/2-1/2

[Event "2nd GMA World Cup prel  #3"]
[Site "Palma de Mallorca"]
[Date "1989.??.??"]
[Round "1"]
[White "Arakhamia, Ketevan"]
[Black "Barlov, Dragan"]
[Result "0-1"]
[WhiteElo "2405"]
[BlackElo "2520"]
[EventDate "1989.12.??"]
[PlyCount "73"]

1.e4 c5 2.Nf3 Nc6 3.d4 cxd4 4.Nxd4 Qb6 5.Nb3 Nf6 6.Nc3 e6 7.Bd3 a6 8.O-O 
Qc7 9.a4 b6 10.f4 d6 11.Qe2 Be7 12.Bd2 Bb7 13.Rae1 Nb4 14.f5 e5 15.Rf3 
Nxd3 16.Rxd3 b5 17.axb5 axb5 18.Bg5 b4 19.Bxf6 Bxf6 20.Nd5 Bxd5 21.Rxd5 
O-O 22.Nc1 Rfc8 23.Nd3 Bg5 24.Rb5 Rab8 25.Rxb8 Rxb8 26.Ra1 Qc4 27.Kf1 Qc6 
28.Ra7 h6 29.g3 Bf6 30.Ra5 Qc4 31.Ra1 d5 32.Nf2 Qc6 33.b3 Be7 34.Ra6 Qc5 
35.exd5 Qxd5 36.Qe4 Qb5+ 37.Qe2 0-1

[Event "2nd GMA World Cup prel  #3"]
[Site "Palma de Mallorca"]
[Date "1989.??.??"]
[Round "1"]
[White "Romanishin, Oleg"]
[Black "Soltis, Andrew"]
[Result "1-0"]
[WhiteElo "2515"]
[BlackElo "2410"]
[EventDate "1989.12.??"]
[PlyCount "81"]

1.d4 Nf6 2.Nf3 g6 3.c4 d6 4.g3 Bg7 5.Bg2 O-O 6.O-O Nbd7 7.Qc2 e5 8.Rd1 Qe7
9.Nc3 c6 10.b3 a6 11.Ba3 exd4 12.Nxd4 c5 13.Nf3 Rb8 14.Bc1 b5 15.Bf4 Rb6 
16.a4 bxc4 17.bxc4 Ne5 18.Nxe5 dxe5 19.Bg5 Be6 20.Bd5 h6 21.Bxf6 Qxf6 22.
Bxe6 Qxe6 23.Nd5 Rbb8 24.e4 f5 25.Rab1 f4 26.a5 Qh3 27.Qe2 h5 28.Rb6 Rxb6 
29.axb6 f3 30.Qf1 Qg4 31.Qd3 Qh3 32.Ne3 h4 33.b7 hxg3 34.hxg3 Bh6 35.Qd5+ 
Kh7 36.Qd7+ Qxd7 37.Rxd7+ Bg7 38.Rc7 Rb8 39.Ng4 Kg8 40.Rc8+ Rxc8 41.
bxc8=Q+ 1-0

[Event "2nd GMA World Cup prel  #3"]
[Site "Palma de Mallorca"]
[Date "1989.??.??"]
[Round "1"]
[White "Kupreichik, Viktor"]
[Black "Spiridonov, Nikola"]
[Result "1-0"]
[WhiteElo "2520"]
[BlackElo "2400"]
[EventDate "1989.12.??"]
[PlyCount "129"]

1.e4 c6 2.d4 d5 3.Nc3 dxe4 4.Nxe4 Nd7 5.Bc4 Ngf6 6.Ng5 e6 7.Qe2 Nb6 8.Bb3 
h6 9.N5f3 c5 10.Bf4 a6 11.O-O-O c4 12.Bxc4 Nxc4 13.Qxc4 Nd5 14.Bd2 b5 15.
Qe2 Bb7 16.Ne5 Nf6 17.Ngf3 Rc8 18.Kb1 Be4 19.Rc1 Qd5 20.Rhe1 Be7 21.g4 O-O
22.g5 hxg5 23.Bxg5 Bf5 24.Rg1 Rc7 25.Bh6 Ne8 26.Qe3 f6 27.Ng6 Rf7 28.Nfh4 
Nd6 29.Nf4 Qe4 30.Nxf5 exf5 31.Bxg7 Qxe3 32.fxe3 Kh7 33.Ne6 Rc6 34.Rcf1 
Ne8 35.Rxf5 Nxg7 36.Ng5+ Kg6 37.Nxf7+ Kxf7 38.Rf3 Re6 39.Rgg3 f5 40.c3 Bf6
41.Rg2 Re4 42.Kc2 Rh4 43.Kd3 Ke6 44.Re2 Ne8 45.e4 f4 46.e5 Bg5 47.Ke4 Rg4 
48.d5+ Kf7 49.d6 Ke6 50.Rd2 Rg1 51.Re2 Ng7 52.Rff2 f3 53.Rxf3 Rg4+ 54.Kd3 
Nh5 55.Kc2 Bf4 56.Rd3 Rg7 57.Rd4 Rd7 58.a4 Bg5 59.axb5 axb5 60.Rb4 Nf4 61.
Rf2 Nd5 62.Rxb5 Rh7 63.Kb3 Be3 64.Rf8 Rxh2 65.d7 1-0

[Event "2nd GMA World Cup prel  #3"]
[Site "Palma de Mallorca"]
[Date "1989.??.??"]
[Round "1"]
[White "Mellado Trivino, Juan"]
[Black "Groszpeter, Attila"]
[Result "0-1"]
[WhiteElo "2400"]
[BlackElo "2515"]
[EventDate "1989.12.??"]
[PlyCount "62"]

1.e4 c5 2.c3 d5 3.exd5 Qxd5 4.d4 Nf6 5.Nf3 Nc6 6.dxc5 Qxd1+ 7.Kxd1 Bg4 8.
Be2 O-O-O+ 9.Ke1 e5 10.b4 e4 11.Ng5 Ne5 12.Bxg4+ Nfxg4 13.h3 Nd3+ 14.Ke2 
Nge5 15.Nxe4 f5 16.Ng5 g6 17.Na3 Bh6 18.h4 Rhe8 19.Be3 Ng4 20.Kf3 Ndxf2 
21.Rhe1 Bxg5 22.hxg5 Nd3 23.Re2 Re4 24.Nb5 Nde5+ 25.Kg3 f4+ 26.Kh3 Rxe3+ 
27.Rxe3 fxe3 28.Nd6+ Rxd6 29.cxd6 Nf2+ 30.Kg3 Nfd3 31.d7+ Kxd7 0-1

[Event "2nd GMA World Cup prel  #3"]
[Site "Palma de Mallorca"]
[Date "1989.??.??"]
[Round "1"]
[White "Vasiukov, Evgeny"]
[Black "Ghitescu, Theodor"]
[Result "1/2-1/2"]
[WhiteElo "2515"]
[BlackElo "2390"]
[EventDate "1989.12.??"]
[PlyCount "60"]

1.e4 c5 2.Nf3 e6 3.Nc3 d6 4.d4 cxd4 5.Nxd4 Nf6 6.g4 Nc6 7.g5 Nd7 8.Be3 Be7
9.Rg1 O-O 10.Rg3 Re8 11.Qh5 a6 12.O-O-O Nxd4 13.Bxd4 b5 14.Kb1 Bb7 15.Bd3 
e5 16.Be3 g6 17.Qg4 Bf8 18.h4 b4 19.Nd5 Bxd5 20.exd5 e4 21.Be2 Bg7 22.h5 
Qc7 23.hxg6 hxg6 24.Bd4 Rac8 25.c3 Ne5 26.Qh4 Nf3 27.Rxf3 Bxd4 28.Rh3 Bg7 
29.c4 Qe7 30.Qf4 Qe5 1/2-1/2

[Event "2nd GMA World Cup prel  #3"]
[Site "Palma de Mallorca"]
[Date "1989.??.??"]
[Round "1"]
[White "Rantanen, Yrjo"]
[Black "Kovacevic, Vladimir"]
[Result "1-0"]
[WhiteElo "2380"]
[BlackElo "2515"]
[EventDate "1989.12.??"]
[PlyCount "101"]

1.e4 e6 2.d4 d5 3.Nc3 a6 4.Bd3 c5 5.dxc5 Bxc5 6.exd5 exd5 7.Nxd5 Bxf2+ 8.
Kxf2 Qxd5 9.Qf3 Nf6 10.Qxd5 Nxd5 11.Nf3 O-O 12.a3 Nc6 13.h3 h6 14.Bd2 Rd8 
15.Rad1 Be6 16.Rhe1 Rac8 17.Bc1 b5 18.g4 Nb6 19.g5 hxg5 20.Nxg5 Bc4 21.
Bh7+ Kh8 22.Rxd8+ Rxd8 23.Be4 Nd4 24.Rd1 Nc6 25.Rxd8+ Nxd8 26.Be3 Nd5 27.
b3 Nxe3 28.Kxe3 Bf1 29.Kf2 f6 30.Kxf1 fxg5 31.Bd5 Kh7 32.Ke2 Kg6 33.c4 Kf5
34.Kf3 g4+ 35.hxg4+ Ke5 36.Ke3 a5 37.a4 b4 38.Kd3 g6 39.Ke3 g5 40.Kd3 Kf4 
41.Kd4 Kxg4 42.Ke5 Kg3 43.Kf6 Kf4 44.Ke7 Ke5 45.Kxd8 g4 46.Kc7 g3 47.Kb6 
Kd4 48.Kxa5 Kc3 49.c5 Kd4 50.Bg2 Kxc5 51.Bh1 1-0

[Event "2nd GMA World Cup prel  #3"]
[Site "Palma de Mallorca"]
[Date "1989.??.??"]
[Round "1"]
[White "San Segundo Carrillo, Pablo"]
[Black "Cvitan, Ognjen"]
[Result "1/2-1/2"]
[WhiteElo "2375"]
[BlackElo "2515"]
[EventDate "1989.12.??"]
[PlyCount "63"]

1.d4 Nf6 2.Nf3 g6 3.c4 Bg7 4.Nc3 O-O 5.e4 d6 6.h3 e5 7.d5 Na6 8.Bg5 Qe8 9.
g4 Nc5 10.Nd2 a5 11.Be2 c6 12.h4 Bd7 13.a4 Qc8 14.Rg1 Qc7 15.Be3 Qb6 16.b3
Rac8 17.g5 Nh5 18.Bxh5 gxh5 19.Bxc5 Qxc5 20.Qxh5 Qb4 21.Rc1 f5 22.Rg3 Rce8
23.Qe2 Kh8 24.h5 Rg8 25.Nf3 Qb6 26.Nh4 f4 27.Ng6+ hxg6 28.hxg6 Bh6 29.Qh5 
Rxg6 30.Qxg6 fxg3 31.Qxh6+ Kg8 32.Qg6+ 1/2-1/2

[Event "2nd GMA World Cup prel  #3"]
[Site "Palma de Mallorca"]
[Date "1989.??.??"]
[Round "1"]
[White "Conquest, Stuart"]
[Black "Spasov, Luben"]
[Result "1/2-1/2"]
[WhiteElo "2515"]
[BlackElo "2370"]
[EventDate "1989.12.??"]
[PlyCount "122"]

1.e4 c5 2.Nf3 e6 3.d3 d5 4.Nbd2 Nc6 5.g3 Nge7 6.Bg2 g6 7.O-O Bg7 8.Re1 b6 
9.c3 a5 10.a4 Ba6 11.exd5 Nxd5 12.Nc4 O-O 13.Bg5 Nce7 14.Qb3 Rb8 15.Rad1 
h6 16.Bc1 Nf5 17.Na3 Re8 18.Nb5 Bxb5 19.axb5 Qc7 20.Nd2 Rbd8 21.Nc4 Rd7 
22.f4 Red8 23.Qc2 Kh7 24.Ne5 Rd6 25.Qf2 Bf6 26.Be4 h5 27.Bd2 Kg7 28.Rc1 
Rc8 29.Re2 Rdd8 30.Rf1 Rh8 31.Qf3 Qd6 32.Nc4 Qd8 33.Rfe1 Rb8 34.Ne5 Rc8 
35.Rd1 Qd6 36.Nc4 Qd8 37.Be1 Rb8 38.Bf2 Qd7 39.Ne5 Qd6 40.Ree1 Rbc8 41.Nc4
Qd8 42.Qe2 Qc7 43.Bg2 Rhd8 44.Nd2 Kg8 45.Ne4 Bg7 46.Qf3 Nd6 47.Kh1 Nf6 48.
Nxd6 Rxd6 49.d4 c4 50.Qe2 Nd5 51.Qc2 Qd8 52.Kg1 Rd7 53.Qa4 Rdc7 54.Rc1 Qd7
55.Re2 h4 56.Rf1 Bf6 57.Be1 hxg3 58.hxg3 Kg7 59.Bd2 Rh8 60.Kf2 Rcc8 61.Ke1
Qd6 1/2-1/2

[Event "2nd GMA World Cup prel  #3"]
[Site "Palma de Mallorca"]
[Date "1989.??.??"]
[Round "1"]
[White "Gurgenidze, Bukhuti"]
[Black "Renet, Olivier"]
[Result "0-1"]
[WhiteElo "2360"]
[BlackElo "2515"]
[EventDate "1989.12.??"]
[PlyCount "41"]

1.e4 c5 2.Nc3 Nc6 3.Bb5 g6 4.Bxc6 bxc6 5.Nge2 Bg7 6.O-O d6 7.d3 Rb8 8.b3 
f5 9.Bb2 Nf6 10.Na4 O-O 11.e5 Ng4 12.exd6 Qxd6 13.g3 f4 14.Bxg7 Kxg7 15.
Qd2 f3 16.Nf4 Nf6 17.Rfe1 e5 18.Nxg6 hxg6 19.Qg5 Qd7 20.Re3 Qh3 21.Rxf3 
0-1

[Event "2nd GMA World Cup prel  #3"]
[Site "Palma de Mallorca"]
[Date "1989.??.??"]
[Round "1"]
[White "Gurieli, Nino"]
[Black "Makarichev, Sergei"]
[Result "1/2-1/2"]
[WhiteElo "2355"]
[BlackElo "2510"]
[EventDate "1989.12.??"]
[PlyCount "75"]

1.Nf3 Nf6 2.g3 b5 3.Bg2 Bb7 4.d4 e6 5.O-O Be7 6.a4 b4 7.a5 O-O 8.c3 c5 9.
cxb4 cxb4 10.Bf4 Bxf3 11.Bxf3 Nc6 12.Qd3 d5 13.Rc1 Qd7 14.Nd2 Rfc8 15.Nb3 
a6 16.h4 Bd6 17.Nc5 Bxc5 18.Rxc5 Ne4 19.Bxe4 dxe4 20.Qxe4 Qxd4 21.Qc2 Ne7 
22.Rc1 h6 23.Be3 Qd7 24.Qc4 Qb7 25.Rc7 Qxc7 26.Qxc7 Rxc7 27.Rxc7 Nd5 28.
Rb7 Rc8 29.Bd4 Rc1+ 30.Kg2 Ra1 31.e4 Nf6 32.Bxf6 gxf6 33.Rxb4 Rxa5 34.Kf3 
f5 35.exf5 Rxf5+ 36.Ke3 h5 37.Rb6 a5 38.b4 1/2-1/2

[Event "2nd GMA World Cup prel  #3"]
[Site "Palma de Mallorca"]
[Date "1989.??.??"]
[Round "1"]
[White "Geller, Efim"]
[Black "Izeta Txabarri, Felix"]
[Result "1/2-1/2"]
[WhiteElo "2505"]
[BlackElo "2340"]
[EventDate "1989.12.??"]
[PlyCount "37"]

1.e4 e5 2.Nf3 Nc6 3.Bb5 a6 4.Ba4 Nf6 5.O-O Bc5 6.Nxe5 Nxe5 7.d4 Nxe4 8.Re1
Be7 9.dxe5 Nc5 10.Nc3 Nxa4 11.Nxa4 O-O 12.Bf4 f6 13.Qd5+ Kh8 14.Rad1 fxe5 
15.Qxe5 Bh4 16.Bg3 d6 17.Bxh4 Qxh4 18.Qd4 Qxd4 19.Rxd4 1/2-1/2

[Event "2nd GMA World Cup prel  #3"]
[Site "Palma de Mallorca"]
[Date "1989.??.??"]
[Round "1"]
[White "Voiska, Margarita"]
[Black "Jansa, Vlastimil"]
[Result "1-0"]
[WhiteElo "2335"]
[BlackElo "2505"]
[EventDate "1989.12.??"]
[PlyCount "75"]

1.d4 d6 2.e4 Nf6 3.f3 Nbd7 4.Nh3 e5 5.d5 Be7 6.Be2 O-O 7.Nf2 c6 8.c4 cxd5 
9.cxd5 Nh5 10.g3 g6 11.Nc3 Ng7 12.Be3 f5 13.Nd3 fxe4 14.fxe4 Nb6 15.Nf2 
Bg5 16.Qd2 Bxe3 17.Qxe3 Bd7 18.O-O Rc8 19.Ng4 Bxg4 20.Bxg4 Rc5 21.Rxf8+ 
Qxf8 22.Rf1 Qe7 23.Qf2 h5 24.Bh3 Kh7 25.Qf6 Qxf6 26.Rxf6 Nc4 27.b4 Rc7 28.
Nb5 Re7 29.Nxd6 Nd2 30.Rf2 Nb1 31.Nf7 Kg8 32.Nh6+ Kh7 33.d6 Re8 34.Nf7 Rf8
35.Ng5+ Kg8 36.Rxf8+ Kxf8 37.d7 Ke7 38.Nf7 1-0

[Event "2nd GMA World Cup prel  #3"]
[Site "Palma de Mallorca"]
[Date "1989.??.??"]
[Round "1"]
[White "Rodriguez Cespedes, Amador"]
[Black "Nikolic, Stanimir"]
[Result "1-0"]
[WhiteElo "2505"]
[BlackElo "2320"]
[EventDate "1989.12.??"]
[PlyCount "73"]

1.e4 c5 2.Nf3 d6 3.d4 cxd4 4.Nxd4 Nf6 5.Nc3 Nc6 6.Bg5 e6 7.Qd2 a6 8.O-O-O 
Bd7 9.f3 b5 10.h4 Rc8 11.g4 Be7 12.Kb1 h6 13.Be3 Ne5 14.Bd3 h5 15.g5 Nh7 
16.f4 Nxd3 17.cxd3 g6 18.Rhf1 f5 19.gxf6 Nxf6 20.f5 b4 21.Nce2 gxf5 22.
exf5 e5 23.Ne6 Qa5 24.Bg5 Qb6 25.Ng3 b3 26.axb3 Qxb3 27.Bxf6 Bxf6 28.Ne4 
Be7 29.Ng7+ Kd8 30.Qa5+ Rc7 31.Rc1 Qb7 32.f6 Bf8 33.Ng5 Kc8 34.N5e6 Bc6 
35.Rxc6 Qxc6 36.Nxc7 Kb7 37.Rc1 1-0

[Event "2nd GMA World Cup prel  #3"]
[Site "Palma de Mallorca"]
[Date "1989.??.??"]
[Round "1"]
[White "Wolff, Patrick"]
[Black "Madl, Ildiko"]
[Result "1-0"]
[WhiteElo "2505"]
[BlackElo "2310"]
[EventDate "1989.12.??"]
[PlyCount "67"]

1.e4 c5 2.Nf3 d6 3.d4 cxd4 4.Nxd4 Nf6 5.Nc3 Nc6 6.Bg5 e6 7.Qd2 a6 8.O-O-O 
Bd7 9.f4 h6 10.Bh4 g5 11.fxg5 Ng4 12.Be2 Nge5 13.Nf3 Be7 14.Kb1 Nxf3 15.
gxf3 hxg5 16.Bg3 Ne5 17.h4 gxh4 18.f4 Nc6 19.Bf2 Qa5 20.Qe1 h3 21.Qg1 h2 
22.Rxh2 Rxh2 23.Qxh2 O-O-O 24.Qg1 Kc7 25.Rd5 b5 26.a4 Nb4 27.Rh5 Rb8 28.
Qg7 Be8 29.Be1 Qb6 30.Nxb5+ axb5 31.Bxb4 Ra8 32.Bxb5 Bxb5 33.Rxb5 Qf2 34.
Qc3+ 1-0

[Event "2nd GMA World Cup prel  #3"]
[Site "Palma de Mallorca"]
[Date "1989.??.??"]
[Round "1"]
[White "Suba, Mihai"]
[Black "Erenska-Radzewska, Hanna"]
[Result "1-0"]
[WhiteElo "2500"]
[BlackElo "2265"]
[EventDate "1989.12.??"]
[PlyCount "63"]

1.c4 f5 2.Nf3 Nf6 3.g3 g6 4.Bg2 Bg7 5.Nc3 O-O 6.O-O d6 7.d4 Kh8 8.Bg5 Qe8 
9.Qd2 e5 10.dxe5 dxe5 11.e4 fxe4 12.Nh4 Na6 13.Nxe4 Nxe4 14.Bxe4 Nc5 15.
Bg2 Qf7 16.Rae1 Re8 17.b3 Ne6 18.Bh6 Nd4 19.Bxg7+ Kxg7 20.f4 c5 21.fxe5 
Qe7 22.Rf6 Bf5 23.Qg5 Kh8 24.Bd5 Rad8 25.g4 Bd3 26.Re3 Bb1 27.Bf7 Rf8 28.
e6 Nc6 29.Rxg6 Rd1+ 30.Kg2 Rd2+ 31.Kh3 Qxg5 32.Rxg5 1-0

[Event "2nd GMA World Cup prel  #3"]
[Site "Palma de Mallorca"]
[Date "1989.??.??"]
[Round "1"]
[White "Prins, Lodewijk"]
[Black "Timoschenko, Gennady"]
[Result "0-1"]
[WhiteElo "2245"]
[BlackElo "2500"]
[EventDate "1989.12.??"]
[PlyCount "114"]

1.e4 c5 2.Nf3 d6 3.d4 cxd4 4.Nxd4 Nf6 5.f3 e5 6.Nb3 d5 7.Bg5 Be6 8.exd5 
Qxd5 9.Nc3 Bb4 10.Bd2 Qd8 11.Nb5 Nc6 12.Bxb4 Nxb4 13.c3 Nbd5 14.c4 Ne3 15.
Qxd8+ Kxd8 16.Rc1 a6 17.Na3 Rc8 18.Kf2 Nxf1 19.Rhxf1 Ke7 20.Rfd1 Rc7 21.
Rc3 Rhc8 22.Rdc1 Ne8 23.Nd2 Nd6 24.Nab1 h5 25.b3 h4 26.Ne4 Nxe4+ 27.fxe4 
Rd8 28.Ke3 Rcd7 29.c5 h3 30.gxh3 Rh8 31.Ke2 Bxh3 32.Rg3 Be6 33.Rg2 g6 34.
Rc3 Rh4 35.Nd2 Bg4+ 36.Ke1 Bh5 37.c6 bxc6 38.Rxc6 Rd3 39.Rg3 Rxg3 40.hxg3 
Rh2 41.Nc4 Rxa2 42.Nxe5 Re2+ 43.Kf1 Rxe4 44.Nc4 Re6 45.Rc7+ Kf6 46.Kf2 Bd1
47.Rb7 Re2+ 48.Kf1 Re7 49.Rb6+ Re6 50.Rb7 Bg4 51.Kf2 Re2+ 52.Kf1 Ra2 53.
Nd6 Be6 54.b4 Ra3 55.b5 axb5 56.Ne8+ Kg5 57.Rxb5+ Kg4 0-1